|
|
|
|
| LEADER |
00000naa2a2200000 4500 |
| 001 |
621342 |
| 005 |
20250505150312.0 |
| 035 |
|
|
|a (RuTPU)RU\TPU\conf\19909
|
| 035 |
|
|
|a RU\TPU\conf\19908
|
| 090 |
|
|
|a 621342
|
| 100 |
|
|
|a 20161215d2016 k y0rusy50 ca
|
| 101 |
0 |
|
|a rus
|
| 102 |
|
|
|a RU
|
| 105 |
|
|
|a y z 101zy
|
| 135 |
|
|
|a drcn ---uucaa
|
| 181 |
|
0 |
|a i
|
| 182 |
|
0 |
|a b
|
| 200 |
1 |
|
|a Влияние диаметра входного клапана и горизонтального ребрения на скорость заполнения емкости UF6
|f Р. В. Малюгин, А. А. Орлов, А. Ф. Цимбалюк
|
| 203 |
|
|
|a Текст
|c электронный
|
| 225 |
1 |
|
|a Перспективные направления развития ядерной энергетики. Ядерные технологии в инновационной экономике и ядерной медицине
|
| 300 |
|
|
|a Заглавие с титульного экрана
|
| 320 |
|
|
|a [Библиогр.: с. 127 (1 назв.)]
|
| 463 |
|
1 |
|0 (RuTPU)RU\TPU\conf\19839
|t VII Школа-конференция молодых атомщиков Сибири
|o сборник тезисов докладов, 19-21 октября 2016 г., г. Северск
|f Росатом [и др.]
|v [С. 127]
|d 2016
|
| 610 |
1 |
|
|a труды учёных ТПУ
|
| 610 |
1 |
|
|a электронные ресурсы
|
| 610 |
1 |
|
|a десублимация
|
| 610 |
1 |
|
|a математические модели
|
| 610 |
1 |
|
|a массоперенос
|
| 610 |
1 |
|
|a теплоперенос
|
| 610 |
1 |
|
|a теплообменные поверхности
|
| 700 |
|
1 |
|a Малюгин
|b Р. В.
|c физик
|c инженер Томского политехнического университета
|f 1991-
|g Роман Владиславович
|3 (RuTPU)RU\TPU\pers\37373
|
| 701 |
|
1 |
|a Орлов
|b А. А.
|c физик
|c профессор Томского политехнического университета, доктор технических наук
|f 1962-
|g Алексей Алексеевич
|3 (RuTPU)RU\TPU\pers\25498
|9 11434
|
| 701 |
|
1 |
|a Цимбалюк
|b А. Ф.
|c специалист в области нефтегазового дела
|c доцент Томского политехнического университета, кандидат физико-математических наук
|f 1953-
|g Александр Федорович
|3 (RuTPU)RU\TPU\pers\33077
|
| 712 |
0 |
2 |
|a Национальный исследовательский Томский политехнический университет
|c (2009- )
|9 26305
|
| 801 |
|
2 |
|a RU
|b 63413507
|c 20170110
|g RCR
|
| 850 |
|
|
|a 63413507
|
| 856 |
4 |
|
|u http://earchive.tpu.ru/handle/11683/35624
|
| 942 |
|
|
|c BK
|